Zložený Poissonov proces a jeho realizácia v jazyku R

Poissonov proces a jeho využitie v neživotnom poistení pri opise počtu poistných udalostí, ktoré nastali v určitom časovom intervale. Využívanie programovacieho jazyka R pri realizácii výpočtov.

Uložené v:
Podrobná bibliografia
Hlavný autor: Páleš, Michal, 1984-
Ďalší autori: Sakálová, Katarína, 1955-
Médium: Kapitola
Jazyk:Slovak
Predmet:
Tagy: Pridať tag
Žiadne tagy, Buďte prvý, kto otaguje tento záznam!

MARC

LEADER 00000nla a2200000 4500
001 0211291
005 20240502083528.1
041 0 |a slo 
044 |a CZ 
245 1 0 |a Zložený Poissonov proces a jeho realizácia v jazyku R  |c Michal Páleš, Katarína Sakálová 
520 |a Poissonov proces a jeho využitie v neživotnom poistení pri opise počtu poistných udalostí, ktoré nastali v určitom časovom intervale. Využívanie programovacieho jazyka R pri realizácii výpočtov. 
610 2 0 |a poisťovníctvo 
610 2 0 |a poistenie neživotné 
610 2 0 |a riziko poistné 
610 2 0 |a typy poistenia 
610 2 0 |a udalosti poistné 
610 2 0 |a matematika poistná 
610 2 0 |a jazyky programovacie 
100 1 |a Páleš, Michal, 1984- 
700 1 |a Sakálová, Katarína, 1955-